000 01078nam a2200289Ii 4500
008 211104s9999 xx 000 0 und d
022 _a2504-284X
041 _aeng
245 0 _aFrontiers in Education:
264 _aSwitzerland:
_bFrontiers Media S.A.
336 _2rdacontent
_atext
_btxt
337 _2rdamedia
_acomputer
_bc
338 _2rdacarrier
_aonline resource
_bcr
540 _fCC BY
_uhttp://journal.frontiersin.org/journal/education#about
540 _uhttp://journal.frontiersin.org/article/10.3389/feduc.2017.00003/full
540 _uhttp://journal.frontiersin.org/journal/education#about
540 _uhttp://journal.frontiersin.org/journal/education#about
653 _a Assessment and testing
653 _a Digital education
653 _a Educational philosophy
653 _a Teacher education
653 _aEducational challenges
710 2 _aThe Directory of Open Access Journals
856 _uhttp://journal.frontiersin.org/journal/education
856 _uhttps://doaj.org/toc/272234b96c6d4767b3e9cc09ca7f5079
942 _cE-JOURNAL
999 _c40898
_d40898